Представление документа в формате MARC21

ПолеНазваниеЗначение
  Тип записи a
  Библиографический уровень m
001 Контрольный номер RU\infra-m\znanium\bibl\2226788
005 Дата корректировки 20260429142111.0
008 Кодируемые данные 250919s2025 RU g rus u
020 Индекс ISBN __
a ISBN 978-5-9729-2508-7
040 Источник каталогиз. __
a Служба первич. каталог. Общество с ограниченной ответственностью «ЗНАНИУМ»
041 Код языка издания __
a Код языка текста rus
044 Код страны публикации __
a Код страны публикации RU
080 Индекс УДК __
a Индекс УДК 531
084 Индекс другой классификации/Индекс ББК __
2 Источник индекса rubbk
a Индекс другой классификации/Индекс ББК 221
084 Индекс другой классификации/Индекс ББК __
2 Источник индекса okso
a Индекс другой классификации/Индекс ББК 08.03.01
084 Индекс другой классификации/Индекс ББК __
2 Источник индекса okso
a Индекс другой классификации/Индекс ББК 15.03.01
084 Индекс другой классификации/Индекс ББК __
2 Источник индекса okso
a Индекс другой классификации/Индекс ББК 15.03.02
084 Индекс другой классификации/Индекс ББК __
2 Источник индекса okso
a Индекс другой классификации/Индекс ББК 15.03.06
084 Индекс другой классификации/Индекс ББК __
2 Источник индекса okso
a Индекс другой классификации/Индекс ББК 22.03.01
084 Индекс другой классификации/Индекс ББК __
2 Источник индекса okso
a Индекс другой классификации/Индекс ББК 27.03.03
100 Автор __
a Автор Ломакина О.В.
q Полное имя Ломакина Ольга Владимировна
u Дополнение Алтайский государственный университет
245 Заглавие __
a Заглавие Теоретическая механика. Статика: задания для самостоятельных и контрольных работ
b Продолж. заглавия Учебное пособие
c Ответственность Алтайский государственный университет; Алтайский государственный университет
250 Сведения об издании __
a Основные сведения об издании 1
260 Выходные данные __
a Место издания Вологда
b Издательство Инфра-Инженерия
c Дата издания 2025
300 Физическое описание __
a Объем 100 с.
520 Аннотация __
a Аннотация Изложены основные теоретические вопросы раздела механики «Статика». Даны примеры расчетов по темам курса. Предложены задания для самостоятельного решения позволяющие не только разобраться в данной задаче но и закрепить полученные знания. Приведены примеры заданий для контрольных работ по каждой теме. Для студентов направлений 08.03.01 «Строительство» 15.03.01 «Машиностроение» 15.03.02 «Технологические машины и оборудование» 15.03.06 «Мехатроника и робототехника» 22.03.01 «Материаловедение и технологии материалов» 27.03.03 «Эксплуатация транспортно-технологических машин и комплексов».
521 Примеч. о цел. назн. __
a Примеч. о целев. назн. ВО - Бакалавриат
650 Тематические рубрики __
a Основная рубрика Физико-математические науки
x Основная подрубрика Общая механика
655 Указ. предметных рубрик (устаревшее) __
a Жанр/ форма (устаревшее) Учебное пособие
700 Другие авторы __
a Другие авторы Галкин П.А.
q Полное имя Галкин Павел Александрович
u Дополнение Тамбовский государственный технический университет
856 Электронный адрес документа 4_
a Имя сервера/домена znanium.ru
m Помощь ebs_support@infra-m.ru
n Местонахождение сервера НИЦ ИНФРА-М
u URL https://znanium.ru/catalog/document?id=470130
856 Электронный адрес документа 48
a Имя сервера/домена znanium.ru
d Путь /cover/2226
f Электронное имя 2226788.jpg
q Тип электронного формата image/jpeg
u URL https://znanium.ru/cover/2226/2226788.jpg
911 __
u 0030=https://znanium.ru/catalog/document?id=470130
911 __
u 712a=Алтайский государственный университет